San Francisco Bay Area - Map Quiz - Statistics

General Stats
  • This quiz has been taken 2,032 times
  • The average score is 6 of 9
Answers on the Map
Answers color-coded by a green-red scale on the quiz's map according to % correct below.
 
Answer Stats
Answer % Correct
San Francisco
93%
Alameda
72%
Napa
72%
San Mateo
71%
Santa Clara
71%
Marin
70%
Contra Costa
57%
Solano
49%
Sonoma
49%
No matching quizzes found
Score Distribution
Percent of People with Each Score
Percentile by Number Answered
Your Score History
You have not taken this quiz